书目信息 |
| 题名: |
岩土工程测试技术
|
|
| 作者: | 任建喜 主编 ;年廷凯 副主编 | |
| 分册: | ||
| 出版信息: | 武汉 武汉理工大学出版社 2009.05 |
|
| 页数: | 155页 | |
| 开本: | 30cm | |
| 丛书名: | 普通高等学校土木工程专业新编系列教材 | |
| 单 册: | ||
| 中图分类: | TU4 | |
| 科图分类: | ||
| 主题词: | 岩土工程--测试技术--高等学校--教材 | |
| 电子资源: | ||
| ISBN: | 978-7-5629-2907-9 | |
| 000 | 01104nam 2200289 450 | |
| 001 | 012010610857 | |
| 005 | 20100611085704.14 | |
| 009 | 012004369039 | |
| 010 | @a978-7-5629-2907-9@dCNY16.00 | |
| 100 | @a20100515d2009 em y0chiy0110 ea | |
| 101 | 0 | @achi |
| 102 | @aCN@b420000 | |
| 105 | @aa a 000yy | |
| 200 | 1 | @a岩土工程测试技术@Ayan tu gong cheng ce shi ji shu@f任建喜主编@g年廷凯副主编@Gnian ting kai fu zhu bian |
| 205 | @a新1版 | |
| 210 | @a武汉@c武汉理工大学出版社@d2009.05 | |
| 215 | @a155页@c图@d30cm | |
| 225 | 2 | @a普通高等学校土木工程专业新编系列教材 |
| 320 | @a有书目 | |
| 330 | @a本书重点介绍岩土工程现场监测和检测技术,内容包括:边坡工程监测技术、软土地基(路基)监测技术、桩基测试技术、城市地铁区间隧道盾构施工监测技术、基坑工程施工监测技术、地下隧洞矿山巷道施工监测技术、地下工程无损检测技术与声发射技术等。 | |
| 410 | 0 | @12001 @a普通高等学校土木工程专业新编系列教材 |
| 606 | 0 | @a岩土工程@x测试技术@x高等学校@j教材 |
| 690 | @aTU4@v4 | |
| 701 | 0 | @a任建喜@Aren jian xi@4主编 |
| 702 | 0 | @a年廷凯@Anian ting kai@4副主编 |
| 801 | 0 | @aCN@c20100515 |
| 905 | @dTU4@eR480@f3 | |
| 岩土工程测试技术/任建喜主编/年廷凯副主编.-新1版.-武汉:武汉理工大学出版社,2009.05 |
| 155页:图;30cm.-(普通高等学校土木工程专业新编系列教材) |
| ISBN 978-7-5629-2907-9:CNY16.00 |
| 本书重点介绍岩土工程现场监测和检测技术,内容包括:边坡工程监测技术、软土地基(路基)监测技术、桩基测试技术、城市地铁区间隧道盾构施工监测技术、基坑工程施工监测技术、地下隧洞矿山巷道施工监测技术、地下工程无损检测技术与声发射技术等。 |
| ● |
| 相关链接 |
|
|
|
正题名:岩土工程测试技术
索取号:TU4/R480
 
预约/预借
| 序号 | 登录号 | 条形码 | 馆藏地/架位号 | 状态 | 备注 |